2010s albums - Statistics

General Stats
  • This quiz has been taken 10 times
  • The average score is 43 of 100
Answer Stats
year artist/band name % Correct
2011 Adele 21
89%
2015 Adele 25
89%
2016 Beyoncé Lemonade
89%
2016 Rihanna ANTI
78%
2016 Ariana Grande Dangerous Woman
78%
2017 Dua Lipa DUA LIPA
78%
2011 Jennifer Lopez Love?
78%
2019 Taylor Swift Lover
78%
2017 Lorde Melodrama
78%
2014 Ariana Grande My Everything
78%
2013 Lorde Pure Heroine
78%
2017 Taylor Swift Reputation
78%
2018 Ariana Grande sweetener
78%
2010 Katy Perry Teenage Dream
78%
2019 Ariana Grande thank u, next
78%
2014 Maroon 5 V
78%
2014 Taylor Swift 1989
67%
2013 Lady Gaga ARTPOP
67%
2018 Bradley Cooper, Lady Gaga A Star Is Born
67%
2013 Beyoncé BEYONCÉ
67%
2011 Lady Gaga Born This Way
67%
2016 Lady Gaga Joanne
67%
2010 Nicki Minaj Pink Friday
67%
2013 Katy Perry PRISM
67%
2015 Justin Bieber Purpose
67%
2012 Taylor Swift Red
67%
2010 Taylor Swift Speak Now
67%
2019 Billie Eilish WHEN WE ALL FALL ASLEEP, WHERE DO WE GO
67%
2017 Katy Perry Witness
67%
2014 Ed Sheeran x
67%
2013 Ariana Grande Yours Truly
67%
2010 Kesha Animal
56%
2013 Miley Cyrus Bangerz
56%
2016 Frank Ocean Blonde
56%
2018 Camila Cabello Camila
56%
2010 Miley Cyrus Can't Be Tamed
56%
2019 Lana Del Rey Norman Fucking Rockwell!
56%
2016 The Weeknd Starboy
56%
2011 Drake Take Care
56%
2016 Sia This Is Acting
56%
2014 Lana Del Rey Ultraviolence
56%
2013 Britney Spears Britney Jean
44%
2012 Frank Ocean Channel Orange
44%
2019 Harry Styles Fine Line
44%
2010 Rihanna LOUD
44%
2017 Lana Del Rey Lust for Life
44%
2015 Selena Gomez Revival
44%
2019 Camila Cabello Romance
44%
2011 Rihanna Talk That Talk
44%
2012 Rihanna Unapologetic
44%
2016 Drake Views
44%
2017 Miley Cyrus Younger Now
44%
2014 Sia 1000 Forms Of Fear
33%
2011 Beyoncé 4
33%
2010 Kesha Cannibal
33%
2019 Charli xcx Charli
33%
2015 Melanie Martinez Cry Baby
33%
2019 Lizzo Cuz I Love You
33%
2016 Britney Spears Glory
33%
2012 Kendrick Lamar Good Kid M.A.A.D City
33%
2019 Tyler, The Creator IGOR
33%
2016 Shawn Mendes Illuminate
33%
2019 Madonna Madame X
33%
2010 Shakira Sale El Sol
33%
2018 Drake Scorpion
33%
2017 Ed Sheeran ÷
22%
2015 The Weeknd Beauty Behind the Madness
22%
2010 Christina Aguilera Bionic
22%
2015 Demi Lovato Confident
22%
2011 Britney Spears Femme Fatale
22%
2015 Lana Del Rey Honeymoon
22%
2014 Sam Smith In The Lonely Hour
22%
2012 Imagine Dragons Night Visions
22%
2012 Rita Ora Ora
22%
2012 Marron 5 Overexposed
22%
2017 Kesha Rainbow
22%
2015 Madonna Rebel Heart
22%
2018 Anne-Marie Speak Your Mind
22%
2011 Kelly Clarkson Stronger
22%
2017 Sam Smith The Thrill Of It All
22%
2012 Bruno Mars Unorthodox Jukebox
22%
2011 Selena Gomez & The Scene When The Sun Goes Down
22%
2018 Mitski Be The Cowboy
11%
2018 Troye Sivan Bloom
11%
2018 Mariah Carey CAUTION
11%
2012 Marina And The Diamonds Electra Heart
11%
2018 Rita Ora Phoenix
11%
2017 Charli xcx Pop 2
11%
2015 Fifth Harmony Reflection
11%
2014 Charli xcx Sucker
11%
2013 Eminem The Marshall Mathers LP 2
11%
2013 Charli xcx True Romance
11%
2018 Charlie Puth Voicenotes
11%
2010 Sia We Are Born
11%
2012 Calvin Harris 18 Months
0%
2014 Azealia Banks Broke with Expensive Taste
0%
2015 Years & Years Communion
0%
2013 M.I.A Matangi
0%
2011 Jessie J Who You Are
0%
2014 Michael Jackson Xscape
0%
No matching quizzes found
Score Distribution
Percent of People with Each Score
Percentile by Number Answered
Your Score History
You have not taken this quiz